Strážkyně lesa /

Fantastický příběh, ve kterém dívka Akácie a její přátelé musí zachránit les před ničivým Temnomorem.

Hlavní autor: Pine, Elliott
Další autoři: Dulleck, Nina, 1975-, Hrdá, Jitka, 1989-
Jazyk: Čeština
Vydáno: V Brně : CPress, 2024
Vydání: 1. vydání
Témata:
Fyzický popis: 206 stran : ilustrace ; 22 cm
Knihy
Uloženo v:
LEADER 02645nam a2200505 i 4500
001 nkc20243643320
003 CZ PrNK
005 20250107131057.0
007 ta
008 241118s2024 xr a c 000 j cze
015 |a cnb003643320 
020 |a 978-80-264-5458-8  |q (vázáno) :  |c Kč 299,00 
035 |a (OCoLC)1498301462 
040 |a ABG001  |b cze  |e rda 
041 1 |a cze  |h ger 
072 7 |a 821.112.2-3  |x Německá próza, německy psaná  |2 Konspekt  |9 25 
072 7 |a 821-93  |x Literatura pro děti a mládež (beletrie)  |2 Konspekt  |9 26 
080 |a 821.112.2-32  |2 MRF 
080 |a 821-93  |2 MRF 
080 |a (0:82-32)  |2 MRF 
100 1 |a Pine, Elliott  |7 jo20241247916  |4 aut 
240 1 0 |a Wächterin des Waldes.  |l Česky 
245 1 0 |a Strážkyně lesa /  |c Elliott Pineová ; ilustrovala Nina Dullecková ; z německého originálu Akasia Wood - Wächterin des Waldes ... přeložila Jitka Hrdá 
250 |a 1. vydání 
264 1 |a V Brně :  |b CPress,  |c 2024 
300 |a 206 stran :  |b ilustrace ;  |c 22 cm 
336 |a text  |b txt  |2 rdacontent 
337 |a bez média  |b n  |2 rdamedia 
338 |a svazek  |b nc  |2 rdacarrier 
520 2 |a Fantastický příběh, ve kterém dívka Akácie a její přátelé musí zachránit les před ničivým Temnomorem.  |b Když se dvanáctiletá Akácie Větvičková přestěhuje s rodinou do Dubičné Lhoty, záhy s úžasem zjistí, že dokáže šplhat po stromech v nedalekém lese rychleji a obratněji než kdejaká veverka. Dokonce i zvířata ji poslouchají. Akácie je totiž Strážkyně. Strážci lesa dříve lovili Temnomory, zlé bytosti, které ohrožovaly mírumilovné obyvatele lesa. Poté, co Strážci nad Temnomorem zvítězili a les opustili, už nezbyl nikdo, kdo by jej chránil. Dubičný les ovšem není jen tak ledajaké místo. Je to jediný možný úkryt kouzelných bytostí a právě ty jsou v nebezpečí. Neboť hluboko v lese dřímá poslední Temnomor, jehož čas právě přichází. Nakladatelská anotace. 
521 8 |a Pro čtenáře od 10 let 
655 7 |a německé příběhy  |7 fd132944  |2 czenas 
655 7 |a publikace pro děti  |7 fd133156  |2 czenas 
655 9 |a German stories  |2 eczenas 
655 9 |a children's literature  |2 eczenas 
700 1 |a Dulleck, Nina,  |d 1975-  |7 pna2012687066  |4 ill 
700 1 |a Hrdá, Jitka,  |d 1989-  |7 xx0314362  |4 trl 
765 1 |t Akasia Wood  |9 Česky 
910 2 |a BOA001  |b 2-1537.011 
920 |a 5030064  |z ABG001 
928 9 |a Albatros Media - CPress 
990 |a BK 
995 |a 01 
991 |b 202412  |c NOV 
996 6 |b 2610989176  |c 2-1537.011  |l MZK  |r Sklad / do 1 hodiny  |n 0  |p p.v.  |w 001987881  |u 000010  |a 1  |e BOA001  |j MZK50  |s P